| 000 | 00866nam a2200229Ii 4500 | ||
|---|---|---|---|
| 003 | JO-AjNU | ||
| 008 | 230605s9999||||xx |||||||||||||| ||und|| | ||
| 017 | _a1970/5716 | ||
| 040 |
_aJO-AjNU _bara _erda _cJO-AjNU |
||
| 041 | _aara | ||
| 050 | 1 | 4 | _aBF173.F7412 |
| 100 | 3 |
_aفرويد، سيجموند، علي، سامي محمود ، القفاش،عبد السلام/ترجمة؛ مر اجعة زيور، مصطفى, _eauthor _934984 |
|
| 245 | 0 | 0 | _aالموجز في التحليل النفسي |
| 250 | _aط2 منقحة | ||
| 264 | 3 | 1 | _aالقاهرة:دار المعارف بمصر ،د.ت |
| 300 | _a117ص | ||
| 336 |
_atext _btxt _2rdacontent |
||
| 337 |
_aunmediated _bn _2rdamedia |
||
| 338 |
_avolume _bnc _2rdacarrier |
||
| 490 | 0 | _aالمؤلفات الاساسية في التحليل النفسي | |
| 650 | 4 |
_aالتحليل النفسي _934985 |
|
| 999 |
_aA14398 _c17966 _d17966 |
||